Elektřina promění autořetězce

Automobilky nechcú platiť vysoké pokuty za nadmerné emisie, preto zavádzajú výrobu elektromobilov. Postupne sa výrazne zmenia desiatky rokov rozvíjané dodávateľské reťazce. Na autá bude stačiť menej dielov, zo systému vypadnú niektorí hráči. Nastúpi väčšia automatizácia, zmenia sa interné aj externé...

Ausführliche Beschreibung

Gespeichert in:
Bibliographische Detailangaben
1. Verfasser: Novotný, Radek
Format: Buchkapitel
Sprache:Tschechisch
Schlagworte:
Tags: Tag hinzufügen
Keine Tags, Fügen Sie das erste Tag hinzu!

MARC

LEADER 00000naa a2200000 4500
001 0258123
005 20190909145525.5
041 0 |a cze 
044 |a CZ 
245 1 0 |a Elektřina promění autořetězce  |c Radek Novotný 
520 |a Automobilky nechcú platiť vysoké pokuty za nadmerné emisie, preto zavádzajú výrobu elektromobilov. Postupne sa výrazne zmenia desiatky rokov rozvíjané dodávateľské reťazce. Na autá bude stačiť menej dielov, zo systému vypadnú niektorí hráči. Nastúpi väčšia automatizácia, zmenia sa interné aj externé logistické toky. 
610 2 0 |a priemysel automobilový 
610 2 0 |a elektromobily 
610 2 0 |a automatizácia 
610 2 0 |a reťazce dodávateľsko-odberateľské 
100 1 |a Novotný, Radek